000 00467nam a2200181Ia 4500
008 230711s9999||||xx |||||||||||||| ||und||
020 _a978-1-118-61590-4
041 _aENG
082 _a696
_bGR-M
100 _aGrondzik,Walter T
245 0 _aMechanical and Electrical Equipment for Buildings
250 _a12th Ed.
260 _c2012
_aNew Jersy
_bJohn Wiley & Sons.Inc
300 _a1828p.
650 _aArchitecture
700 _aKwok,Alison G
942 _cBK
999 _c6476
_d6476